| 000 | 00684nam a22001457a 4500 | ||
|---|---|---|---|
| 005 | 20230616180326.0 | ||
| 008 | 230425b xxu||||| |||| 00| 0 eng d | ||
| 082 |
_a333.913 _bBIM |
||
| 100 | _aBhimappa S H | ||
| 245 |
_aಶ್ರೀ ಎಸ್. ಜಿ. ಬಾಳೆಕುಂದ್ರಿ: ನೀರಾವರಿ ಯೋಜನೆಗಳ ತಂತ್ರಜ್ಞ _bShri S G Balekundri : Neeravari Yojanegal Tantranjyan _cBhimappa S H |
||
| 260 |
_aBelagavi _bPrasaranga, Visveswaraya Technological University ( VTU ) _c2021 |
||
| 300 | _a48p. | ||
| 440 | _aJanpriya Taantrika Shikshana Maale (ಜನಪ್ರಿಯ ತಾಂತ್ರಿಕ ಶಿಕ್ಷಣ ಮಾಲೆ) | ||
| 650 | _aGeneral | ||
| 999 |
_c11646 _d11646 |
||